| 000 | 00428cam9a220016900 4500 | ||
|---|---|---|---|
| 001 | tmp15937324 | ||
| 003 | UPRA | ||
| 005 | 20190822105635.0 | ||
| 008 | 951114n xx eng u | ||
| 035 | _a(Sirsi) r50469 | ||
| 035 | _a(UPRA)tmp15937324 | ||
| 040 | _cUPRA | ||
| 100 | 1 |
_aUlbrich, Holley H. _6A8402.1 |
|
| 245 | 1 | 0 | _aManaging personal finance. |
| 949 |
_aHG179 _wlcc _i-63711 _mMAIN _tBOOK _lON-SHELF |
||
| 004 | 50469 | ||
| 999 |
_c131390 _d131390 |
||